000 00532nam a2200193Ia 4500
008 220216s9999 xx 000 0 und d
100 _aKingston J
245 4 _aThe Effect of scragging strain on the dynamic mechanical properties of filled rubber
260 _bJournal of Rubber Research
_c2008
300 _a12-Jan
500 _aSource Year: 2008
520 _aDL
650 _aMechanical properties
650 _aRecovery
650 _aScragging strain
650 _aShear strains
650 _aStiffness
942 _cJS
999 _c70636
_d70636